| 000 | 00574cam4a220021700 4500 | ||
|---|---|---|---|
| 001 | zam00003131 | ||
| 008 | 951128s1985 xx eng u | ||
| 035 | _a(Sirsi) r20466 | ||
| 035 | _a(MACHINE)VSLC. | ||
| 100 | 1 |
_aLove, R. J. _6A7110.1 |
|
| 245 | 1 | 0 | _aDiseases of pigs. |
| 260 | _c1985. | ||
| 949 |
_aSF971 _wLC _mVETMED _tBOOK _lON-SHELF |
||
| 004 | 20466 | ||
| 591 | _aClass code: VMC 610. | ||
| 591 | _aCourse: Clinical veterinary medicine. | ||
| 591 | _aSchool: S10. | ||
| 591 | _aLecturer: Dr. DEBONT, J. | ||
| 591 | _aNumber of Students: 0. | ||
| 909 | _aBook | ||
| 999 |
_c3513 _d3513 |
||